000 01386cam a22003737a 4500
003 CHAP
005 20220817043425.0
008 980317d1992 mx a r 00110 spa d
010 _a74988
011 _a75960
035 _a85534
040 _cCHAP
090 _aFolleto 14962
100 0 0 _aRodríguez Montalvo, Flavio A.
_998713
245 1 0 _aManual de producción de sorgo para grano en el estado de Veracruz
_c/por Flavio A. Rodríguez Montalvo, José Romero Mora y Carlos Tinoco Alfaro
260 _aVeracruz, Ver. :
_bINIFAP. Campo Experimental Cotaxtla,
_c1992.
300 _a12 p. :
_bilus.
410 2 1 _aINIFAP. Campo Experimental Cotaxtla
_bDivisión Agrícola
490 0 _aFolleto para productores
_v; 1
590 _aBATCH-UPD
_b10
_c20130110
_lUCH01
_h0757
590 _aBATCH-UPD
_b10
_c20130110
_lUCH01
_h2357
590 _aBATCH-UPD
_b10
_c20130410
_lUCH01
_h0436
590 _aBATCH-UPD
_b10
_c20130914
_lUCH01
_h1424
590 _aCONVERSION
_b10
_c20130109
_lUCH01
_h1341
650 1 4 _aSorgo
_xVeracruz.
_9108738
700 0 _aRomero Mora, José.
_999625
700 0 _aTinoco Alfaro, Carlos Alberto.
_9113368
810 0 0 _aINIFAP. Campo Experimental Cotaxtla
_bDivisión Agrícola
830 0 _aFolleto para productores
_v; 1
901 _aBK
905 _aAlejandra Carrasco M.
942 _cFOLL
949 _aFolleto 14962
_bBC
_cFOLL
_d855341
_eTS1
_gI.c/e
_i85534
_sb
999 _c74988
_d74988